[Event "Cracovia Open A"]
[Site "Krakow POL"]
[Date "2011.12.30"]
[Round "4.31"]
[White "Polok,K"]
[Black "Hommerson,P"]
[Result "0-1"]
[WhiteElo "2136"]
[BlackElo "2215"]

1.e4 c5 2.Nc3 Nc6 3.Bb5 Nd4 4.Bc4 e6 5.Nge2 Nf6 6.O-O a6 7.a4 Qc7 8.d3 Nc6
9.f4 d6 10.Be3 Be7 11.Ng3 h5 12.h3 Nb4 13.Ba2 Bd7 14.d4 cxd4 15.Bxd4 h4 16.Nge2 Bc6
17.e5 Nxa2 18.Nxa2 Nd7 19.exd6 Bxd6 20.b4 b5 21.c4 bxc4 22.Rc1 Bb7 23.Qe1 Nf6
24.Nac3 Bxb4 25.Rb1 Bc5 26.Kh1 Rb8 27.Qf2 Bxd4 28.Nxd4 Be4 29.Rxb8+ Qxb8
30.Re1 Bd3 31.f5 Qg3 32.Qxg3 hxg3 33.fxe6 fxe6 34.Rxe6+ Kd7 35.Re3 Nh5 36.Ne6 Kd6
37.Ng5 Kc5 38.Ne6+ Kb4 39.Nd5+ Kxa4 40.Nc5+ Kb5 41.Nxd3 cxd3 42.Rxd3 Rc8
43.Rb3+ Ka4 44.Rb1 Rc2 45.Nb4 Re2 46.Nxa6 Re5 47.Nb8 Ka3 48.Nd7 Rd5 49.Nb6 Rd4
50.Kg1 Nf4 51.Re1 Ka2 52.Rf1 g5 53.Kh1 Rd2 54.Rg1 Nxh3 55.Re1 Nf4 56.Na4 Rxg2
57.Nc3+ Kb3 58.Rb1+ Kc2  0-1

[Event "10th Nantes Open"]
[Site "Nantes FRA"]
[Date "2011.12.30"]
[Round "7.8"]
[White "Theon,P"]
[Black "Ivanov,Jo"]
[Result "1-0"]
[WhiteElo "2060"]
[BlackElo "2418"]

1.e4 c5 2.Nc3 Nc6 3.Bb5 Nd4 4.Bc4 e6 5.Nge2 Nf6 6.O-O a6 7.d3 Nc6 8.Bg5 Be7
9.Qe1 h6 10.Bh4 b5 11.Bb3 Bb7 12.f4 d6 13.f5 e5 14.Bxf6 Bxf6 15.Nd5 h5 16.Nxf6+ Qxf6
17.Bd5 O-O-O 18.c3 Ne7 19.Bxb7+ Kxb7 20.a4 Nc6 21.Qf2 b4 22.Rfd1 Rhe8 23.Ng3 g6
24.fxg6 Qxf2+ 25.Kxf2 fxg6 26.Ke2 Rf8 27.Rf1 Rf4 28.Rf3 Na5 29.Raf1 Rdf8
30.Ke3 Rxf3+ 31.Rxf3 Rxf3+ 32.gxf3 Nb3 33.Ne2 g5 34.Ng1 Kb6 35.Nh3 Ka5 36.Nxg5 Kxa4
37.Nf7 Na5 38.Nxd6 Kb3 39.cxb4 cxb4 40.Nc4 Nc6 41.f4 exf4+ 42.Kxf4 a5 43.e5 a4
44.Ke4 h4 45.e6 h3 46.Kd5 Ne7+ 47.Kc5  1-0

[Event "Cracovia Open A"]
[Site "Krakow POL"]
[Date "2012.01.02"]
[Round "7.31"]
[White "Klepaczka,T"]
[Black "Marchadour,E"]
[Result "1-0"]
[WhiteElo "2166"]
[BlackElo "2022"]

1.e4 c5 2.Nc3 Nc6 3.Bb5 Nd4 4.Bc4 e6 5.Nge2 g6 6.O-O Bg7 7.Nxd4 cxd4 8.Nb5 Qb6
9.c3 Ne7 10.Nxd4 Bxd4 11.cxd4 Qxd4 12.d3 b6 13.Bd2 Qg7 14.Bc3 f6 15.Qf3 O-O
16.e5 Nc6 17.Bxe6+ dxe6 18.Qxc6 Bd7 19.exf6 Bxc6 20.fxg7 Rfd8 21.Rfd1 Rd6
22.Rac1 Bd5 23.Be5 Rc6 24.Rxc6 Bxc6 25.Rc1 Bb7 26.f3 Rc8 27.Rc3 Rc5 28.Rxc5 bxc5
29.Kf2 Ba6 30.Ke3 c4 31.dxc4 Bxc4 32.b3 Bf1 33.g3 a6 34.Kd4 Bg2 35.f4 Bd5
36.Kc5  1-0

[Event "Cracovia Open A"]
[Site "Krakow POL"]
[Date "2012.01.02"]
[Round "7.37"]
[White "Mucha,Mag"]
[Black "Polok,K"]
[Result "0-1"]
[WhiteElo "1942"]
[BlackElo "2136"]

1.e4 c5 2.Nf3 Nc6 3.Nc3 e5 4.Bc4 Be7 5.O-O d6 6.d3 Nf6 7.Ng5 O-O 8.f4 Bg4
9.Qd2 exf4 10.Qxf4 Ne5 11.Bb3 h6 12.Nf3 Nxf3+ 13.gxf3 Bh3 14.Rd1 Nh5 15.Qe3 Bg5
16.f4 Nxf4 17.Qg3 c4 18.Bxc4 Qb6+ 19.d4 Be6 20.Bxf4 Bxf4 21.Qxf4 Bxc4 22.b3 Be6
23.Qf2 f5 24.d5 Qxf2+ 25.Kxf2 fxe4+ 26.Ke3 Rf3+ 27.Kxe4 Bg4 28.Rg1 Re8+ 29.Kd4 Rf4+
30.Kd3 Bf5+ 31.Kd2 Rf2+  0-1

[Event "XLI Rilton Cup 2011-12"]
[Site "Stockholm SWE"]
[Date "2012.01.02"]
[Round "6"]
[White "Hedstrom,Johan"]
[Black "Pettersson,Anders1"]
[Result "1/2-1/2"]
[WhiteElo "2100"]
[BlackElo "2207"]

1.e4 c5 2.Nf3 Nc6 3.Nc3 g6 4.d4 cxd4 5.Nxd4 Bg7 6.Be3 Nf6 7.Bc4 O-O 8.Bb3 a5
9.a4 Ng4 10.Qxg4 Nxd4 11.Qd1 Nxb3 12.cxb3 f5 13.Bd4 Ra6 14.Bxg7 Kxg7 15.Qd4+ Kg8
16.O-O fxe4 17.Qxe4 Raf6 18.Nd5 R6f7 19.Qd4 d6 20.f3 e5 21.Qe3 Bd7 22.Rfd1 Bc6
23.Rd2 Qh4 24.Rad1 Kg7 25.Qe1 Qg5 26.Qg3 Qh6 27.Qe1 Rf5 28.Ne3 Rf4 29.Rxd6 e4
30.Qc3+ Kg8 31.Qc4+ R4f7 32.Ng4 Qg5 33.Nf6+ Kg7 34.Nxe4 Qe3+ 35.Nf2 Bxf3
36.gxf3 Rxf3 37.Rd7+ Kh8 38.Qc3+ Qxc3 39.bxc3 Rxf2 40.Rxb7 Rc2 41.Rc7 Rb2
42.Rb7 Rc2 43.Rc7 Rb2 44.Rdd7 Re8 45.Rxh7+ Kg8 46.Rcg7+ Kf8 47.Rf7+ Kg8 48.Rhg7+ Kh8
49.Rxg6 Re1+ 50.Rf1 Ree2 51.Rh6+ Kg7 52.Rh3 Rxb3 53.Rg3+ Kh6 54.Rf6+ Kh7
55.Rgf3 Rc2 56.R6f5 Kg6 57.Rxa5 Rb1+ 58.Rf1 Rbb2 59.Ra6+ Kg7 60.Ra7+ Kg6
61.Ra6+ Kg7 62.Ra7+  1/2-1/2

[Event "Northern California International"]
[Site "Fremont USA"]
[Date "2012.01.03"]
[Round "3"]
[White "Kleinman,Michael"]
[Black "Rensch,D"]
[Result "0-1"]
[WhiteElo "2275"]
[BlackElo "2401"]

1.e4 c5 2.Nf3 Nc6 3.Nc3 g6 4.d4 cxd4 5.Nxd4 Bg7 6.Be3 Nf6 7.Bc4 O-O 8.Bb3 d6
9.f3 Na5 10.Qd2 Bd7 11.g4 Rb8 12.Bh6 b5 13.Nd5 e6 14.Bxg7 Kxg7 15.Ne3 Nc4
16.Nxc4 bxc4 17.Bxc4 Qc7 18.Bb3 a5 19.a4 Rfc8 20.Ne2 d5 21.exd5 Nxd5 22.O-O Nb4
23.Qc3+ Qxc3 24.Nxc3 Nxc2 25.Bxc2 Rxb2 26.Rf2 Rxc3 27.Bd1 Rb4 28.Rd2 Bc6
29.Kf2 Bxf3 30.Bxf3 Rf4 31.Rb2 Rfxf3+ 32.Kg2 Rf4 33.h3 Rff3 34.Rb5 Rg3+ 35.Kf2 Rxh3
36.Rxa5 Rc2+  0-1

[Event "17th Bosnjaci Open"]
[Site "Bosnjaci CRO"]
[Date "2012.01.04"]
[Round "2.20"]
[White "Zovko,Mari"]
[Black "Tucakovic,Z"]
[Result "1/2-1/2"]
[WhiteElo "2236"]
[BlackElo "1981"]

1.e4 c5 2.Nc3 Nc6 3.Nge2 e6 4.g3 a6 5.Bg2 b5 6.d3 Bb7 7.O-O Qc7 8.Be3 Nf6
9.h3 Be7 10.Qd2 Rc8 11.Rae1 d6 12.f4 c4 13.dxc4 bxc4 14.Na4 Qa5 15.Nb6 Rc7
16.Nxc4 Qxd2 17.Nxd2 Nb4 18.c3 Nc2 19.Bb6 Nxe1 20.Bxc7 Nxg2 21.Kxg2 Nxe4
22.Nxe4 Bxe4+ 23.Kf2 Kd7 24.Ba5 Rb8 25.Bb4 a5 26.Ba3 a4 27.Rd1 d5 28.Bxe7 Kxe7
29.Rd2 f6 30.Ke3 Bb1 31.Nc1 h6 32.Nd3 Bxa2 33.Nb4 Rxb4 34.cxb4 Kd6 35.Rc2 Bc4
36.Rf2 e5 37.fxe5+ fxe5 38.Rf8 Bb3 39.Rc8 d4+ 40.Ke4 Bd5+ 41.Kd3 Be6 42.Rd8+ Kc7
43.Ra8 Bf5+ 44.Kc4 Bxh3 45.Ra7+ Kb6 46.Re7 Bf1+ 47.Kd5 d3 48.Kxe5 Bh3 49.Rxg7 Kb5
50.Rg6 Kxb4 51.Rxh6 Kb3 52.Rxh3 Kxb2 53.g4 d2 54.Rh1 Kc2 55.g5 d1=Q 56.Rxd1 Kxd1
57.g6 a3 58.g7  1/2-1/2

[Event "24th Staufer-Open"]
[Site "Schwaebisch Gmuend GER"]
[Date "2012.01.04"]
[Round "5"]
[White "Dorst,J"]
[Black "Stets,D"]
[Result "0-1"]
[WhiteElo "2185"]
[BlackElo "2479"]

1.e4 c5 2.Nc3 Nc6 3.Bb5 Nd4 4.Bc4 g6 5.Nf3 Bg7 6.Nxd4 cxd4 7.Qf3 Nf6 8.Nb5 d5
9.exd5 Ng4 10.Qg3 O-O 11.d3 a6 12.Nc7 Ra7 13.Bb3 Be5 14.Ne6 Bxg3 15.Nxd8 Bxf2+
16.Ke2 Be3  0-1

[Event "17th Bosnjaci Open"]
[Site "Bosnjaci CRO"]
[Date "2012.01.05"]
[Round "4.3"]
[White "Pancevski,F"]
[Black "Bosnjak,N"]
[Result "1-0"]
[WhiteElo "2459"]
[BlackElo "2240"]

1.e4 c5 2.Nc3 Nc6 3.Nf3 d6 4.d4 cxd4 5.Nxd4 Nf6 6.Bg5 e6 7.Qd2 a6 8.O-O-O Bd7
9.f4 Qc7 10.Nb3 b5 11.Bxf6 gxf6 12.Kb1 Rc8 13.Bd3 h5 14.Rhf1 b4 15.Ne2 Qb6
16.Qe1 h4 17.Rf3 a5 18.Rh3 a4 19.Nd2 a3 20.b3 Qc5 21.Nf3 Rg8 22.Qg1 Qh5 23.Nxh4 f5
24.exf5 Qh8 25.c3 bxc3 26.Bc2 Nb4 27.fxe6 Bxe6 28.f5 Bxb3 29.Qe3+ Kd7 30.Nd4 Bxa2+
31.Ka1 Qxd4 32.Ba4+ Kc7 33.Qxd4  1-0

[Event "Northern California International"]
[Site "Fremont USA"]
[Date "2012.01.05"]
[Round "5"]
[White "Rodriguez,Er"]
[Black "Rensch,D"]
[Result "0-1"]
[WhiteElo "2352"]
[BlackElo "2401"]

1.e4 c5 2.Nc3 Nc6 3.Bb5 Nd4 4.Bc4 g6 5.Nf3 Bg7 6.Nxd4 cxd4 7.Qf3 Nh6 8.Ne2 O-O
9.d3 Ng4 10.Bb3 d6 11.h3 Ne5 12.Qg3 a5 13.a4 Nd7 14.O-O Nc5 15.Bc4 Qc7 16.b3 Be6
17.Bd2 Bxc4 18.bxc4 Qc6 19.Qh4 e5 20.Rfb1 Nxa4 21.Rb5 Nc5 22.Rab1 Qc7 23.f3 Ra6
24.Qe1 Rfa8 25.Ra1 Qc6 26.Qc1 h5 27.g4 hxg4 28.hxg4 a4 29.Kg2 Rb6 30.Rxb6 Qxb6
31.Ng3 Ne6 32.Rb1 Qc7 33.Qb2 a3 34.Qc1 Qd7 35.Ne2 a2 36.Ra1 b5 37.Qb2 bxc4
38.dxc4 Qa4 39.Qb3 Nc5 40.Qxa4 Rxa4 41.Nc1 Kf8 42.Rxa2 Rxc4 43.Nd3 Ra4 44.Rxa4 Nxa4
45.Kf2 Ke7 46.Ke2 d5 47.Nf2 Kd6 48.Nd1 Kc5 49.Kd3 dxe4+ 50.fxe4 Kb5 51.c4+ Kc6
52.Bb4 Bf6 53.Ba3 Bg5 54.Nb2 Nc3 55.Bb4 Na2 56.Ba5 Nc1+ 57.Kc2 Ne2 58.Nd3 Bf6
59.Be1 Ng1 60.Kd1 Nf3 61.Bg3 Ng5 62.Bxe5 Bxe5 63.Nxe5+ Kd6 64.Nd3 Nxe4 65.Ke2 Nc5
66.Nf4 Ke5 67.Kf3 d3 68.Ng2 Kd4 69.Ne3 Ne6 70.Kf2 Ng5 71.Nd1 Ne4+ 72.Kf3 Nc3
73.c5 Nxd1 74.c6 d2  0-1

[Event "Northern California International"]
[Site "Fremont USA"]
[Date "2012.01.05"]
[Round "6"]
[White "Sevian,Samuel"]
[Black "Macieja,B"]
[Result "1/2-1/2"]
[WhiteElo "2185"]
[BlackElo "2617"]

1.e4 c5 2.Nf3 Nc6 3.Nc3 g6 4.d4 cxd4 5.Nxd4 Bg7 6.Be3 Nf6 7.Bc4 O-O 8.Bb3 d6
9.f3 Bd7 10.Qd2 Nxd4 11.Bxd4 b5 12.h4 a5 13.a3 e6 14.Rd1 Qb8 15.h5 b4 16.axb4 a4
17.Ba2 Qxb4 18.g4 a3 19.bxa3 Rxa3 20.hxg6 hxg6 21.Bb3 Rc8 22.Ne2 Qxd2+ 23.Rxd2 Ne8
24.Bxg7 Kxg7 25.Kf2 Ba4 26.Bxa4 Rxa4 27.c3 g5 28.Rb1 Ra5 29.Rb7 Kf6 30.Ke3 Rac5
31.Rd1 R5c7 32.Rb5 Rc5 33.Rb7 R8c7 34.Rb8 Ke7 35.Rb6 Rd7 36.Rb4 Nf6 37.Rdb1 Rdc7
38.Rb7 d5 39.Rxc7+ Rxc7 40.exd5 Nxd5+ 41.Kd3 Kf6 42.c4 Ne7 43.Nc3 Ke5 44.Re1+ Kf6
45.Ne4+ Kg6 46.c5 Ra7 47.Rc1 Nc6 48.Nd6 Ra4 49.Rc3 Nb4+ 50.Kd4 Nd5+ 51.Rc4 Ra3
52.c6 Rxf3 53.Kc5 Rf4 54.Rc1 Rxg4 55.Nb5 Ra4 56.Kd6 Ra8 57.Rc4 Rd8+ 58.Ke5 Ne7
59.Nc3 Nxc6+ 60.Rxc6 Rd3 61.Ne4 Rh3 62.Nd2 Rh2 63.Nf3 Re2+  1/2-1/2

[Event "24th Staufer-Open"]
[Site "Schwaebisch Gmuend GER"]
[Date "2012.01.05"]
[Round "7"]
[White "Bauer,Andreas2"]
[Black "Ikonnikov,Vy"]
[Result "0-1"]
[WhiteElo "2124"]
[BlackElo "2531"]

1.e4 c5 2.Nc3 Nc6 3.Bb5 Nd4 4.Bc4 e6 5.Nge2 a6 6.a3 g6 7.Nxd4 cxd4 8.Ne2 Bg7
9.c3 b5 10.Bd3 dxc3 11.dxc3 Bb7 12.O-O Nf6 13.f3 Qb6+ 14.Kh1 O-O 15.a4 d5
16.e5 Nd7 17.a5 Qc7 18.f4 f6 19.exf6 Rxf6 20.Nd4 Raf8 21.Be3 Bh6 22.Qg4 Nc5
23.Qh3 Nxd3 24.Qxh6 e5 25.Nf3 d4 26.fxe5 Rxf3 27.gxf3 dxe3 28.Qxe3 Nxe5 29.Rf2 Nxf3
30.Raf1 Nxh2+ 31.Kg1 Nxf1  0-1

[Event "24th Staufer-Open"]
[Site "Schwaebisch Gmuend GER"]
[Date "2012.01.05"]
[Round "8"]
[White "Samak,A"]
[Black "Sokratov,S"]
[Result "1/2-1/2"]
[WhiteElo "2101"]
[BlackElo "2208"]

1.e4 c5 2.Nf3 Nc6 3.Nc3 e5 4.Bb5 d6 5.d3 Be7 6.Nd2 Nf6 7.Nf1 Bg4 8.f3 Be6
9.Ne3 O-O 10.O-O a6 11.Ba4 Nd4 12.Bb3 b5 13.Bd5 Rb8 14.Bxe6 fxe6 15.Ne2 Nh5
16.Ng3 Nf4 17.c3 Nc6 18.Ne2 d5 19.g3 d4 20.gxf4 dxe3 21.Bxe3 exf4 22.Bxf4 e5
23.Be3 Rb7 24.Qc2 Ra7  1/2-1/2

[Event "17th Bosnjaci Open"]
[Site "Bosnjaci CRO"]
[Date "2012.01.06"]
[Round "5.4"]
[White "Biti,O"]
[Black "Tomic,Bos"]
[Result "1/2-1/2"]
[WhiteElo "2406"]
[BlackElo "2407"]

1.e4 c5 2.Nc3 Nc6 3.Bb5 Nd4 4.Bc4 g6 5.Nf3 d6 6.Nxd4 cxd4 7.Ne2 Bg7 8.O-O Nf6
9.d3 d5 10.Bb5+ Bd7 11.Nxd4 dxe4 12.dxe4 Nxe4 13.Be3 O-O 14.Bxd7 Qxd7 15.Qe2 Rac8
16.Rfd1 a6 17.c3 Nd6 18.Nf3 Qe6 19.Qc2 Nf5 20.Bd2 Rfd8 21.Re1 Qc6 22.Rad1 Rd5
23.Bc1 Rcd8 24.h3 h6 25.Rxd5 Qxd5 26.Qb3 Qc6 27.Qc2 Kh7 28.Qb3 f6 29.Qe6 Rd6
30.Qe4 Qxe4 31.Rxe4 e5  1/2-1/2

[Event "17th Bosnjaci Open"]
[Site "Bosnjaci CRO"]
[Date "2012.01.06"]
[Round "6.2"]
[White "Jovanovic,Zo CRO"]
[Black "Bosnjak,N"]
[Result "1-0"]
[WhiteElo "2556"]
[BlackElo "2240"]

1.e4 c5 2.Nc3 Nc6 3.Bb5 g6 4.Bxc6 bxc6 5.d3 Bg7 6.f4 d6 7.Nf3 Rb8 8.O-O Nf6
9.Qe1 Bg4 10.Nd2 O-O 11.Qh4 Bd7 12.Nf3 Ne8 13.f5 e6 14.Bg5 f6 15.fxg6 hxg6
16.Bc1 Nc7 17.Qg3 Be8 18.Ne2 e5 19.Nh4 Kh7 20.b3 Qd7 21.Bd2 Rh8 22.Rf2 Ne6
23.Raf1 Qe7 24.Qg4 Nf8 25.Nc3 Kg8 26.Qg3 Rh7 27.Nd1 Qe6 28.Ne3 Rb7 29.Ng4 Rf7
30.h3 Kh8 31.a3 g5 32.Nf5 Ng6 33.Nxg7  1-0

[Event "TCh-ISR 2011-12"]
[Site "Israel ISR"]
[Date "2012.01.06"]
[Round "5.2"]
[White "Abergel,T"]
[Black "Zaslavsky,M"]
[Result "1-0"]
[WhiteElo "2474"]
[BlackElo "2433"]

1.e4 c5 2.Nc3 Nc6 3.Bb5 Nd4 4.Bc4 g6 5.Nf3 Bg7 6.O-O d6 7.d3 e6 8.Nxd4 cxd4
9.Ne2 Bd7 10.f4 Ne7 11.Bb3 b5 12.Bd2 Qb6 13.Qe1 a5 14.a3 O-O 15.Qh4 Qd8 16.g4 f5
17.Ng3 Bf6 18.Qh3 Kh8 19.Rae1 fxg4 20.Qxg4 d5 21.Qe2 Rc8 22.e5 Bg7 23.c3 Nc6
24.Qg4 Qe7 25.cxd4 Nxd4 26.Bd1 Qd8 27.Be3 Nf5 28.Nxf5 gxf5 29.Qh3 Rg8 30.Kf2 d4
31.Bd2 b4 32.axb4 axb4 33.Bb3 Qe7 34.Rg1 Bc6 35.Rc1 Qd7 36.Rg5 Rge8 37.Rcg1 Re7
38.Bxb4 Rf7 39.Rh5 Bf8 40.Bxf8 Rcxf8 41.Rhg5 Bd5 42.Qg3 Qc8 43.Bxd5 exd5
44.Kf3 Re7 45.Rg7 Qe6 46.h4 Rb8 47.h5 Reb7 48.h6 Qe8 49.Qg5  1-0

[Event "24th Staufer-Open"]
[Site "Schwaebisch Gmuend GER"]
[Date "2012.01.06"]
[Round "9"]
[White "Dorst,J"]
[Black "Gheng,S"]
[Result "1-0"]
[WhiteElo "2185"]
[BlackElo "2037"]

1.e4 c5 2.Nc3 Nc6 3.Bb5 d6 4.Bxc6+ bxc6 5.f4 Nf6 6.Nf3 g6 7.O-O Bg7 8.e5 Nd5
9.exd6 Qxd6 10.Ne4 Qc7 11.Ne5 Bxe5 12.fxe5 Qxe5 13.Qf3 O-O 14.d3 Bf5 15.Bh6 Rfe8
16.Rae1 Nf6 17.Ng3 Qd5 18.Nxf5 Qxf5 19.Qxf5 gxf5 20.Rxf5 Nd5 21.c4 Nb4 22.a3 Na6
23.Rg5+ Kh8 24.Rg7 Rad8 25.Rxf7 Rd6 26.Rexe7  1-0

[Event "24th Staufer-Open"]
[Site "Schwaebisch Gmuend GER"]
[Date "2012.01.06"]
[Round "9"]
[White "Duncker,J"]
[Black "Ikonnikov,Vy"]
[Result "0-1"]
[WhiteElo "2271"]
[BlackElo "2531"]

1.e4 c5 2.Nc3 Nc6 3.Bb5 Nd4 4.Bc4 e6 5.Nge2 a6 6.Nxd4 cxd4 7.Ne2 Nf6 8.d3 Bc5
9.Bg5 Qa5+ 10.Qd2 Bb4 11.c3 dxc3 12.bxc3 Be7 13.Be3 d5 14.exd5 Nxd5 15.Bd4 O-O
16.Bb3 Bd7 17.O-O Bc6 18.Rad1 Qc7 19.Bxd5 Bxd5 20.c4 Bc6 21.Qe3 Bd6 22.f4 Rfe8
23.Be5 Rad8 24.Rf2 f6 25.Bxd6 Qxd6 26.d4 Ba4 27.Rc1 Re7 28.Nc3 Bc6 29.Rd2 Qb4
30.c5 Kf7 31.Re1 Qc4 32.Qd3 Qxd3 33.Rxd3 Red7 34.Red1 h5 35.a4 Kg6 36.Kf2 Kf5
37.g3 h4 38.gxh4 Kxf4 39.Ne2+ Kf5 40.a5 e5 41.Ke3 Bb5 42.Ng3+ Kg4 43.R3d2 f5
44.Nxf5 Kxf5 45.d5 e4 46.d6 Bc6 47.Rg1 Rf7 48.Rdg2 Ke6 49.Kd4 Rh8 50.Rg6+ Kd7
51.R1g4 Rh5 52.Rxg7 Rxg7 53.Rxg7+ Ke6 54.Rg6+ Kf5 55.Rg7 Rxh4  0-1

[Event "TCh-NED Meesterklasse 2011-12"]
[Site "Netherlands NED"]
[Date "2012.01.07"]
[Round "5.8"]
[White "Ondersteijn,N"]
[Black "Sprenger,J"]
[Result "1/2-1/2"]
[WhiteElo "2296"]
[BlackElo "2515"]

1.e4 c5 2.Nc3 Nc6 3.Bb5 Nd4 4.Bc4 e6 5.Nge2 a6 6.Nxd4 cxd4 7.Ne2 b5 8.Bb3 Bb7
9.d3 Bc5 10.O-O Ne7 11.Bf4 O-O 12.Qd2 f5 13.f3 Kh8 14.Ng3 Qe8 15.a4 b4 16.Rae1 Qg6
17.Kh1 h6 18.exf5 Nxf5 19.Nxf5 Rxf5 20.Re5 Rxe5 21.Bxe5 d6 22.Bxd4 e5 23.Bxc5 dxc5
24.Qe3 Qd6 25.Re1 Re8 26.Bc4 a5 27.Kg1 Qd4 28.Qxd4 cxd4 29.f4 e4 30.dxe4 Rxe4
31.Rxe4 Bxe4 32.Bd3 Bc6 33.b3 g5 34.fxg5 hxg5 35.Kf2 Kg7 36.g4 Kf6 37.Kg3 Bb7
38.h4 Bd5 39.h5 Kg7 40.Bf5 Kh6 41.Kf2 Bb7 42.Ke2 Ba6+ 43.Kd2 Kg7 44.Bd7 Kh6
45.Bb5 Bc8 46.Be2 Bb7 47.Kd3 Ba6+ 48.Kd2 Bb7 49.Bd1 Be4 50.Ke1 Kg7 51.Ke2 Kh7
52.Kd2 Kh6 53.Kc1 Kg7 54.Be2 Bb7 55.Kd1 Kh6 56.Ke1 Be4 57.Bd3 Bf3 58.Bf5 Bb7
59.Kf2 Kg7 60.Ke2 Ba6+ 61.Kf3 Bb7+ 62.Be4 Bc8 63.Bc6 Kh6 64.Bd5 Bd7 65.Bb7 Be6
66.Ke4 Bxg4 67.Kxd4 Bd1 68.c3 bxc3 69.Kxc3 g4 70.b4 axb4+ 71.Kxb4 Bf3 72.Bc8 g3
73.Bh3 Kxh5 74.a5 g2 75.Bxg2  1/2-1/2

[Event "37th Seville Open"]
[Site "Seville ESP"]
[Date "2012.01.09"]
[Round "3"]
[White "Buxade Roca,G"]
[Black "Roy Chowdhury,S"]
[Result "0-1"]
[WhiteElo "2158"]
[BlackElo "2414"]

1.e4 c5 2.Nc3 Nc6 3.Bb5 Nd4 4.Nf3 Nxb5 5.Nxb5 d6 6.d4 a6 7.Nc3 cxd4 8.Qxd4 e5
9.Qd3 h6 10.Be3 Nf6 11.a4 Be6 12.a5 Be7 13.Nd2 Rc8 14.O-O O-O 15.Kh1 Re8
16.f3 Qc7 17.Rfd1 Qc6 18.Nf1 Bf8 19.Qd2 Be7 20.Ng3 Red8 21.Bb6 Re8 22.Rac1 Bf8
23.Nf5 Bxf5 24.exf5 e4 25.Bd4 exf3 26.Bxf6 fxg2+ 27.Kg1 gxf6 28.Nd5 Qc5+
29.Kxg2 Re5 30.Qd3 Kh8 31.c4 Rce8 32.Rc2 Bg7 33.Rf1 Re4 34.Rf3 Qxa5 35.Rg3 Qe1
36.Kh3 Re2 37.Rxe2 Rxe2 38.Nf4 Rxb2 39.Nh5 Qf2 40.Qxd6 Qxh2+ 41.Kg4 Rd2 42.Qb8+ Kh7
43.Nxg7 Rd4+ 44.Kf3 Rd3+ 45.Ke4 Qe2+  0-1

[Event "37th Seville Open"]
[Site "Seville ESP"]
[Date "2012.01.10"]
[Round "4"]
[White "Mellado Trivino,J"]
[Black "Teske,H"]
[Result "1/2-1/2"]
[WhiteElo "2435"]
[BlackElo "2550"]

1.e4 c5 2.Nc3 Nc6 3.Bb5 Nd4 4.Bc4 Nf6 5.Nge2 a6 6.a4 e6 7.O-O d5 8.exd5 exd5
9.Ba2 Bg4 10.h3 Bh5 11.d3 h6 12.Qd2 Nxe2+ 13.Nxe2 Bd6 14.Nf4 Bxf4 15.Re1+ Kf8
16.Qxf4 g5 17.Qg3 Rc8 18.Bd2 Bg6 19.Re5 Qb6 20.Bc3 d4 21.a5 Qc7 22.Bd2 Nh5
23.Qh2 b5 24.axb6 Qxb6 25.Bc4 Qxb2 26.Ra2 Qb8 27.Rxa6 Nf4  1/2-1/2

[Event "Andranik Margaryan Memorial 2012"]
[Site "Yerevan ARM"]
[Date "2012.01.10"]
[Round "3"]
[White "Kalashian,D"]
[Black "Belous,V"]
[Result "0-1"]
[WhiteElo "2419"]
[BlackElo "2522"]

1.e4 c5 2.Nc3 Nc6 3.Nf3 g6 4.d4 cxd4 5.Nxd4 Bg7 6.Be3 Nf6 7.Bc4 O-O 8.Bb3 Qa5
9.O-O d6 10.h3 Bd7 11.Re1 Rac8 12.Qe2 a6 13.Rad1 Qc7 14.Bg5 Nxd4 15.Rxd4 Bc6
16.Qd2 Rfe8 17.Bh6 Bh8 18.Rd3 b5 19.Rde3 a5 20.a3 Bd7 21.Rf3 a4 22.Ba2 Be6
23.Bxe6 fxe6 24.Qf4 Qc4 25.g4 e5 26.Qd2 Bg7 27.Bg5 Rf8 28.Bxf6 Bxf6 29.g5 Bg7
30.Rxf8+ Bxf8 31.Re2 e6 32.Nd1 Be7 33.Ne3 Qxe4 34.Ng4 Qc4 35.Qe3 Kg7 36.Rd2 Qc5
37.Qxc5 Rxc5 38.c3 Rc6 39.h4 Rc4 40.f3 Rf4 41.Kf2 e4 42.Ke3 e5 43.Nf6 Bxf6
44.gxf6+ Kxf6 45.Rxd6+ Ke7 46.Rd5 exf3 47.Kf2 e4 48.Rd4 Rxh4 49.Kg3 g5 50.Rd5 h6
51.Rxb5 Rf4  0-1

[Event "4th Chennai Open"]
[Site "Chennai IND"]
[Date "2012.01.11"]
[Round "10"]
[White "Ashwin,J"]
[Black "Rajesh,VA"]
[Result "1/2-1/2"]
[WhiteElo "2472"]
[BlackElo "2338"]

1.e4 c5 2.Nc3 Nc6 3.Bb5 Nd4 4.Nf3 a6 5.Bc4 Nxf3+ 6.Qxf3 e6 7.a4 Ne7 8.O-O Nc6
9.Qg3 Nd4 10.f4 Nxc2 11.Rb1 g6 12.f5 Bg7 13.d3 O-O 14.Bf4 d5 15.Bc7 Bd4+
16.Kh1 Qe8 17.Bb3 Ne3 18.f6 c4 19.dxc4 dxc4 20.Rf3 cxb3 21.Qg5 Qc6 22.e5 Qxf3
23.gxf3 Nf5 24.Ne2 Be3 25.Qg4 h5 26.Qb4 Bd7 27.Ng3 Bc6 28.Rf1 Bd5 29.Nxf5 exf5
30.Qd6 Be6 31.Re1 Bh6 32.a5 Rfe8 33.Rd1 Be3 34.Rd3 Bh6 35.Kg2 Rac8 36.Rc3 Kh7
37.Kf2 Bf4 38.h4 Rg8 39.Qd4 g5 40.Rc5 Bh2 41.Kg2 Bf4 42.Kf2 Bh2 43.Kg2 Bf4
44.Kf2 Bh2 45.Kg2 Bf4 46.Kf2 Bh2  1/2-1/2

[Event "37th Seville Open"]
[Site "Seville ESP"]
[Date "2012.01.14"]
[Round "8"]
[White "Cornette,M"]
[Black "Delgado Serrano,A"]
[Result "1-0"]
[WhiteElo "2545"]
[BlackElo "2162"]

1.e4 c5 2.Nc3 Nc6 3.Bb5 Nd4 4.Bc4 a6 5.Nge2 b5 6.Bd5 Rb8 7.Nxd4 cxd4 8.Ne2 Nf6
9.Nxd4 e6 10.Bb3 Nxe4 11.c3 Bb7 12.O-O Bd6 13.d3 Nc5 14.Bc2 O-O 15.f4 f5
16.Be3 Qc7 17.Qd2 Rf6 18.b4 Na4 19.c4 Rg6 20.Rf2 Ba8 21.c5 Be7 22.Bb3 Kh8
23.Nf3 Bf6 24.d4 Be4 25.Ng5 Bd5 26.Nf7+ Kg8 27.Ne5 Rh6 28.Bxd5 exd5 29.Rc1 Be7
30.Qd3 Rf6 31.Rfc2 g6 32.Qb3 Qb7 33.c6 dxc6 34.Nxc6 Nb6 35.Nxb8 Qxb8 36.Re1 Re6
37.Rce2 Re4 38.Bc1 Bf6 39.Rxe4 fxe4 40.Rxe4 Nc4 41.Re1 Bxd4+ 42.Kh1 Bg7 43.Qh3 Qd6
44.Qc8+ Kf7 45.Qe8+ Kf6 46.f5 gxf5 47.h4 f4 48.Bxf4  1-0

[Event "37th Seville Open"]
[Site "Seville ESP"]
[Date "2012.01.14"]
[Round "8"]
[White "Gonzalez Galvan,J"]
[Black "Komljenovic,D"]
[Result "1-0"]
[WhiteElo "2214"]
[BlackElo "2457"]

1.e4 c5 2.Nc3 Nc6 3.Bb5 g6 4.Bxc6 bxc6 5.f4 Bg7 6.d3 d6 7.Nf3 Nf6 8.O-O O-O
9.Qe1 Ne8 10.f5 gxf5 11.Qh4 f6 12.Bh6 Bxh6 13.Qxh6 Ng7 14.Rae1 e5 15.Nh4 f4
16.g3 fxg3 17.Re3 f5 18.exf5 Qf6 19.Qxf6 Rxf6 20.Ne4 gxh2+ 21.Kh1 Rh6 22.f6 Rxh4
23.Nxd6 Nh5 24.f7+ Kf8 25.Rxe5 Ng3+ 26.Kg2 Nxf1 27.Re8+ Kg7 28.f8=Q+ Kg6
29.Qf7+ Kg5 30.Rg8+ Kh6 31.Qf6+ Kh5 32.Qg5+  1-0

[Event "TCh-SVK Extraliga 2011-12"]
[Site "Slovakia SVK"]
[Date "2012.01.14"]
[Round "5"]
[White "Petrik,T"]
[Black "Markos,J"]
[Result "1-0"]
[WhiteElo "2522"]
[BlackElo "2596"]

1.e4 c5 2.Nf3 Nc6 3.Nc3 Nf6 4.Bb5 Qc7 5.d3 Nd4 6.Ba4 a6 7.Nxd4 cxd4 8.Ne2 Qa5+
9.c3 dxc3 10.Nxc3 b5 11.Bb3 e6 12.O-O Bb7 13.Bd2 Qb6 14.Be3 Bc5 15.d4 Bb4
16.e5 Bxc3 17.exf6 Bxb2 18.Rb1 Ba3 19.d5 Qd6 20.fxg7 Rg8 21.dxe6 dxe6 22.Qg4 Qe5
23.Bh6 Qf6 24.Qh3 Qg6 25.Rbd1 Bb2 26.Rfe1 Be4 27.f3 Bf5 28.g4 Bxg7 29.Bxg7 Qxg7
30.Qg3 Qc3 31.Kh1 h5 32.Qf4 Bxg4 33.fxg4 Rxg4 34.Qf5 Ra7 35.Bxe6 Kf8 36.Rf1 Qh3
37.Rd8+ Kg7 38.Qf6+  1-0

[Event "TCh-SVK Extraliga 2011-12"]
[Site "Slovakia SVK"]
[Date "2012.01.14"]
[Round "5"]
[White "Jacko,V2"]
[Black "Jelen,P1"]
[Result "1-0"]
[WhiteElo "2178"]
[BlackElo "2193"]

1.e4 c5 2.Ne2 Nc6 3.Nbc3 Nf6 4.d4 cxd4 5.Nxd4 d6 6.Bc4 e6 7.Bb3 Be7 8.Be3 a6
9.Qe2 Qc7 10.O-O-O Na5 11.g4 O-O 12.g5 Nxb3+ 13.axb3 Nd7 14.h4 b5 15.g6 Nf6
16.gxh7+ Kh8 17.Rdg1 Bb7 18.f3 Rfc8 19.Qg2 Nh5 20.Qg4 b4 21.Qxh5 bxc3 22.Rxg7 cxb2+
23.Kb1 Bf6 24.Rg8+ Rxg8 25.hxg8=Q+ Kxg8 26.Qh6 Bg7 27.Rg1 f6 28.Nxe6  1-0

[Event "Andranik Margaryan Memorial 2012"]
[Site "Yerevan ARM"]
[Date "2012.01.14"]
[Round "9"]
[White "Harutjunyan,G"]
[Black "Belous,V"]
[Result "1/2-1/2"]
[WhiteElo "2482"]
[BlackElo "2522"]

1.e4 c5 2.Nc3 Nc6 3.Bb5 g6 4.Bxc6 dxc6 5.d3 Bg7 6.Be3 b6 7.Qd2 e5 8.Nge2 Be6
9.O-O Ne7 10.Bh6 O-O 11.Bxg7 Kxg7 12.f4 exf4 13.Qxf4 f6 14.Qg3 Qb8 15.Nf4 Qe5
16.Nd1 c4 17.Ne3 cxd3 18.cxd3 Rad8 19.Rf2 Bc8 20.Nc4 Qg5 21.Qe3 Rfe8 22.Raf1 Nf5
23.Qc1 Nd4 24.Kh1 Re7 25.Qc3 Be6 26.Qa3 Rdd7 27.Ne2  1/2-1/2

[Event "10th Parsvnath Open"]
[Site "New Delhi IND"]
[Date "2012.01.15"]
[Round "1"]
[White "Gomez,Joh"]
[Black "Kumar,G"]
[Result "1-0"]
[WhiteElo "2506"]
[BlackElo "1783"]

1.e4 c5 2.Nc3 Nc6 3.Bb5 g6 4.Bxc6 dxc6 5.f4 Bg7 6.Nf3 Nf6 7.O-O O-O 8.d3 Qc7
9.Qe1 Nh5 10.f5 Nf6 11.Qh4 gxf5 12.Bh6 Bxh6 13.Qxh6 Ng4 14.Qh4 Qd6 15.h3 Ne5
16.exf5 Nxf3+ 17.Rxf3 Qd4+ 18.Qxd4 cxd4 19.Ne4 f6 20.a4 a5 21.Re1 b6 22.Kf2 Bb7
23.Rf4 Kf7 24.Ng3 c5 25.Nh5 Bc6 26.b3 Rg8 27.g4 Bd5 28.Kg3 Rad8 29.Rf2 Rge8
30.Nf4 Rd6 31.Nxd5 Rxd5 32.Re6 Rd6 33.Rfe2 Rxe6 34.Rxe6 Rb8 35.Rc6 Rb7 36.Kf4 h6
37.Ke4 Kg7 38.Kd5 h5 39.Rc8 hxg4 40.hxg4 Rd7+ 41.Ke6 Rb7 42.Re8 Kh6 43.Rxe7 Rxe7+
44.Kxe7 Kg5 45.Ke6 Kxg4 46.Kxf6 Kf4 47.Ke6 Ke3 48.f6 Kd2 49.Kd5 Kxc2 50.Kc4  1-0

[Event "10th Parsvnath Open"]
[Site "New Delhi IND"]
[Date "2012.01.15"]
[Round "2"]
[White "Divyasri,C"]
[Black "Bitoon,R"]
[Result "0-1"]
[WhiteElo "2160"]
[BlackElo "2515"]

1.e4 c5 2.Nf3 Nc6 3.Nc3 d6 4.Bb5 a6 5.Bxc6+ bxc6 6.d4 cxd4 7.Qxd4 e5 8.Qd3 a5
9.Ne2 Nf6 10.c4 Be7 11.Ng3 O-O 12.O-O Qb6 13.Be3 Qa6 14.Rfd1 Be6 15.Rac1 Rfb8
16.b3 a4 17.Nh4 axb3 18.axb3 Qa3 19.Nhf5 Bf8 20.Rb1 d5 21.Bg5 Nxe4 22.cxd5 cxd5
23.Nxe4 dxe4 24.Qxe4 Rxb3 25.Ne7+ Kh8 26.Nc6 Rxb1 27.Qxb1 f6 28.Be3 Qb3 29.h3 Qxb1
30.Rxb1 Bd5 31.Nb4 Be4 32.Rb2 h5  0-1